[Event "36th Zalakaros Festival 2017"]
[Site "Zalakaros"]
[Date "2017.05.21"]
[Round "4"]
[White "Meszaros, Tamas"]
[Black "Gasanov, Eldar"]
[Result "1/2-1/2"]
[WhiteElo "2401"]
[BlackElo "2484"]
[Annotator "TA"]
[PlyCount "90"]
[EventDate "2017.??.??"]
[EventType "swiss"]
[EventCountry "HUN"]
[SourceTitle "playchess.com"]
[Source "ChessBase"]
[SourceQuality "1"]

{[%evp 20,90,24,24,11,0,0,0,0,0,13,0,0,0,18,0,30,20,26,0,0,0,0,0,0,0,0,-19,-20,-22,-19,-33,-13,-24,-27,-81,-77,-107,-115,-117,-119,-112,-115,-112,-68,-79,-66,-88,0,0,0,0,0,0,0,0,0,0,0,0,0,0,0,0,0,0,0,0,0,0,0,0,0]} 1. e4 c5 2. Nf3 Nc6 3. Bb5 g6 4. O-O Bg7 5. Re1 Nf6 {[%cal Bg8f6,Bf6d5,Bd5c7][%mdl 32]} 6. e5 Nd5 7. Nc3 Nc7 8. Bxc6 dxc6 9. Ne4 Ne6 10. d3 b6 {B31: Sicilian: 2...Nc6 3 Bb5 g6} 11. Be3 {LiveBook: 18 Games} (11. Nfg5 h6 12. Nxe6 Bxe6 13. Bf4 Qd4 14. Qf3 Qxb2 15. Nd6+ Kd7 16. Nc4 Qd4 17. c3 Qxc3 18. Rac1 {0-1 (30) Timman,J (2562)-Fressinet,L (2702) Douglas 2015}) 11... Nd4 12. Nxd4 (12. Nf6+ $5 Kf8 13. Ne4 $11) 12... cxd4 13. Bf4 O-O 14. Qd2 Qd5 15. c4 $146 ({Predecessor:} 15. Ng3 Re8 16. a4 c5 17. Re2 Bb7 18. f3 {1-0 (71) Kotan,L (2308)-Markos,J (2178) Slovakia 1999}) 15... dxc3 16. Nxc3 Qd7 17. Bh6 Ba6 18. d4 Rad8 19. Re4 f5 20. exf6 $1 exf6 21. Bxg7 Kxg7 22. Rae1 Rfe8 23. Qf4 Rxe4 24. Rxe4 Bd3 $36 {[%mdl 2048] Black is pushing.} 25. Re3 Bc4 26. h3 Bf7 ({Don't take} 26... Qxd4 $2 27. Re4 $18) 27. Re4 (27. b3 $11 {remains equal.}) 27... f5 $17 28. Qe5+ Kg8 29. Rh4 Qd6 {[#] Threatens to win with ...g5.} 30. Qe3 {With the idea Qh6.} Re8 31. Qd2 Qf6 32. Qh6 Qg7 33. Qg5 Bd5 ({Black should try} 33... a5 $17) 34. Nxd5 $11 {The position is equal.} cxd5 {[%mdl 4096] Endgame KQR-KQR} 35. Rf4 h6 36. Qg3 Qf6 37. Rf3 Kg7 38. Rc3 g5 39. Rc7+ Re7 40. Qc3 Qd6 41. Rxe7+ Qxe7 42. Qc6 Qe1+ 43. Kh2 Qxf2 44. Qd7+ Kg6 45. Qe8+ Kg7 {Precision: White = 67%, Black = 69%.} (45... Kf6 $5 {[%cal Rf2f4]}) 1/2-1/2

[Event "36th Zalakaros Festival 2017"]
[Site "Zalakaros"]
[Date "2017.05.21"]
[Round "4"]
[White "Almasi, Istvan"]
[Black "Stupak, Kirill"]
[Result "1-0"]
[WhiteElo "2398"]
[BlackElo "2560"]
[Annotator "TA"]
[PlyCount "127"]
[EventDate "2017.??.??"]
[EventType "swiss"]
[EventCountry "HUN"]
[SourceTitle "playchess.com"]
[Source "ChessBase"]
[SourceQuality "1"]

{[%evp 13,127,43,54,39,109,111,104,86,95,69,80,65,136,151,137,116,116,116,133,116,116,116,121,121,128,124,124,119,121,114,121,114,147,104,101,64,103,103,102,99,114,28,33,0,104,99,125,104,101,102,103,97,121,103,102,100,114,114,114,114,114,114,114,114,114,114,114,114,114,102,103,104,143,127,129,127,135,127,127,0,150,87,87,95,119,119,118,116,116,87,116,116,119,71,83,91,440,121,451,449,447,447,371,438,400,418,592,589,515,491,489,472,712,662,705,650]} 1. e4 c6 2. d4 d5 3. Nc3 a6 4. Nf3 Bg4 {[%cal Bc8g4,Bg4h5,Bh5g6][%mdl 32]} 5. h3 Bh5 6. g4 {B15: Caro-Kann: 3 Nc3: 3...g6 and 3...dxe4 4 Nxe4 Nf6 5 Nxf6+ exf6} Bg6 7. exd5 (7. Ne5 Bxe4 8. Nxe4 dxe4 9. c3 e6 10. Qb3 Qc8 11. Bg2 {1-0 (33) Mastrovasilis,D (2593)-Navara,D (2745) Achaea 2016}) 7... cxd5 {LiveBook: 13 Games} 8. h4 {[%cal Bh3h4,Bh4h5][%mdl 32] White is slightly better.} f6 $146 (8... h6 $14) ({Predecessor:} 8... Nc6 9. Be3 h5 10. Ne5 Nxe5 11. dxe5 {0-1 (52) Bivol,A (2200)-Michalik,P (2499) Prague 2013}) 9. h5 $16 Bf7 10. Qe2 e6 11. Bd2 Bb4 12. O-O-O Ne7 (12... h6 $1 $14) 13. g5 $1 Nbc6 14. Bh3 Qd6 15. h6 Rg8 16. hxg7 f5 17. Na4 Bxd2+ 18. Qxd2 Rxg7 19. Rde1 O-O-O 20. Nc5 Ng6 21. Re3 Bg8 22. Rhe1 {[%cal Rc5e6]} Re7 23. Nd3 Kb8 24. Nde5 Ngxe5 25. Nxe5 Nxe5 26. Rxe5 Rg7 27. Bf1 (27. Rh1 $1 $16) 27... Bf7 $11 28. Qf4 Rg6 {[#]} (28... Qc7 $11 {keeps the balance.}) 29. Be2 $1 $16 Bg8 30. Bh5 Rg7 31. a3 Ka7 32. Kb1 Qb6 33. R5e3 Rc8 34. Be2 Qd8 35. Rg3 Bf7 36. Bd3 Rg6 37. Reg1 Qh8 38. Qe3 Rcg8 39. Be2 R6g7 40. Qe5 Rc8 41. f4 Qf8 42. Rh1 Bg8 43. Rh6 Rgc7 44. Bd3 Rd7 45. Qf6 Qd6 46. Qe5 (46. Rh4 $16) 46... Qxe5 ({Black should try} 46... Qf8 $1 $11) 47. fxe5 ({Better is} 47. dxe5 b5 48. Ka2) 47... Rg7 48. Rf6 Kb8 49. Kc1 Kc7 50. Kd2 Kd7 51. Ke3 Ke7 52. Kf4 Bf7 53. Rh6 Bg6 54. a4 Be8 $2 {[%mdl 8192] [#]} (54... b5 $16 {is more resistant.}) 55. a5 $2 (55. Rxe6+ $1 $18 {[%mdl 512]} Kxe6 56. Bxf5+ Ke7 57. Bxc8) 55... b6 $2 {[%mdl 8192] [#]} (55... Bg6 $16 {is a better chance.} 56. Rgh3 Kd7) 56. Rxe6+ $1 $18 {[%mdl 512]} Kxe6 57. Bxf5+ Ke7 {Hoping for ...Bd7.} 58. Bxc8 bxa5 59. Bxa6 {KRB-KRB} a4 (59... Rf7+ $142 60. Ke3 Rf8) 60. Rc3 {White is clearly winning.} Rf7+ 61. Ke3 Rf5 62. Rc7+ Kd8 (62... Kf8 $142 63. c4 Bf7) 63. Rg7 Bg6 64. Bb5 {Precision: White = 63%, Black = 49%.} 1-0

[Event "36th Zalakaros Festival 2017"]
[Site "Zalakaros"]
[Date "2017.05.21"]
[Round "4"]
[White "Hnydiuk, Aleksander"]
[Black "Czebe, Attila"]
[Result "0-1"]
[WhiteElo "2390"]
[BlackElo "2475"]
[Annotator "TA"]
[PlyCount "72"]
[EventDate "2017.??.??"]
[EventType "swiss"]
[EventCountry "HUN"]
[SourceTitle "playchess.com"]
[Source "ChessBase"]
[SourceQuality "1"]

{[%evp 16,72,14,17,17,12,14,12,65,64,61,43,39,40,43,37,54,60,56,55,66,42,43,43,72,43,43,43,41,11,12,-20,-22,-20,0,-122,-112,-122,-122,-122,-122,-122,-121,-118,-71,-121,-118,-137,-134,-122,-122,-128,-103,-139,-147,-226,-225,-225,-225]} 1. Nf3 Nf6 2. c4 b6 3. g3 Bb7 4. Bg2 g6 5. O-O Bg7 6. d4 O-O 7. Nc3 Ne4 8. Nxe4 Bxe4 9. Be3 d6 {A50: Queen's Fianchetto Defence (1 d4 Nf6 2 c4 b6)} 10. Qd2 c5 11. Bh6 Nc6 ({Black should try} 11... Nd7 $11) 12. Bxg7 $14 Kxg7 13. d5 Bxf3 14. Bxf3 ({Much worse is} 14. dxc6 Bxg2 15. Kxg2 Qc7 $15) 14... Ne5 15. Bg2 {[#]} b5 $146 ({Predecessor:} 15... Kg8 16. b3 b5 17. f4 {½-½ (40) Karpov,A (2628)-Edouard,R (2636) Cap d'Agde 2015}) 16. cxb5 Qb6 17. a4 a6 18. b4 cxb4 19. Qxb4 Rfc8 20. Rfc1 axb5 {[#] White must now prevent ...Rxa4.} 21. Rxc8 Rxc8 22. Qxb5 (22. a5 $5 {[%cal Ra5b6]} Qa6 23. Bf1 $14) 22... Qd4 23. Rb1 Rc2 24. a5 Nc4 25. Bf1 (25. Qa4 $11 Qc3 26. h4) 25... Nd2 $36 {[%mdl 2048] Keeping White busy.} 26. Qb4 Qxb4 27. Rxb4 {[%mdl 4096] Endgame KRB-KRN} Rc1 28. Kg2 {White wants to play Ra4.} Nxf1 {KRN-KR} ({Don't play} 28... Rxf1 $6 29. Rb2 $11) 29. Rd4 Ra1 30. a6 f5 31. a7 {[#]} Nxh2 $1 {[%mdl 512]} 32. Kxh2 Rxa7 33. Kg2 Ra2 34. Kf3 Kf6 {Black is clearly better.} 35. g4 (35. Rd3 $17) 35... Ke5 $19 36. e3 fxg4+ {Precision: White = 55%, Black = 65%.} 0-1

[Event "36th Zalakaros Festival 2017"]
[Site "Zalakaros"]
[Date "2017.05.21"]
[Round "4"]
[White "Hemant, Sharma"]
[Black "Krzyzanowski, Marcin"]
[Result "1/2-1/2"]
[WhiteElo "2380"]
[BlackElo "2457"]
[Annotator "TA"]
[PlyCount "25"]
[EventDate "2017.??.??"]
[EventType "swiss"]
[EventCountry "HUN"]
[SourceTitle "playchess.com"]
[Source "ChessBase"]
[SourceQuality "1"]

{[%evp 13,25,17,32,33,33,33,56,49,42,41,45,38,41,32]} 1. Nf3 g6 2. g3 Bg7 3. c4 e5 4. Nc3 d6 5. d4 exd4 6. Nxd4 Ne7 7. Bg2 Nbc6 8. Nxc6 {White is slightly better. A21: English Opening: 1...e5 2 Nc3} Nxc6 9. Be3 (9. Bf4 Be6 10. Rc1 Bxc4 11. Qa4 Be6 12. Bxc6+ bxc6 13. Qxc6+ Bd7 14. Qe4+ Kf8 15. O-O h6 {1-0 (40) Navara,D (2737)-Piorun,K (2665) Germany 2016}) 9... O-O 10. Rc1 Be6 11. b3 Qd7 12. Nd5 $146 ({Predecessor:} 12. O-O Bxc3 13. Rxc3 Bh3 14. Qd2 Bxg2 15. Kxg2 Rfe8 {½-½ (81) Cebalo,M (2427)-Mrdja,M (2370) Bol 2013}) 12... Rfe8 13. Qd2 1/2-1/2

[Event "36th Zalakaros Festival 2017"]
[Site "Zalakaros"]
[Date "2017.05.21"]
[Round "4"]
[White "Gara, Anita"]
[Black "Horvath, Adam"]
[Result "1/2-1/2"]
[WhiteElo "2373"]
[BlackElo "2469"]
[Annotator "TA"]
[PlyCount "113"]
[EventDate "2017.??.??"]
[EventType "swiss"]
[EventCountry "HUN"]
[SourceTitle "playchess.com"]
[Source "ChessBase"]
[SourceQuality "1"]

{[%evp 11,113,33,60,52,54,40,69,60,67,60,72,63,60,48,102,101,93,67,60,57,61,62,59,62,67,70,70,-14,-18,-27,0,-7,20,45,28,25,46,35,31,39,54,62,132,77,80,72,72,72,158,143,175,130,384,141,148,105,226,224,227,237,288,217,185,204,236,26,26,26,30,17,78,0,0,0,0,0,0,-11,-4,-42,-42,-55,-42,-39,0,-12,0,0,0,0,0,0,0,-29,-29,-29,-29,-37,0,-12,0,-37,0,-34]} 1. e4 d5 2. exd5 Qxd5 3. Nc3 Qa5 4. Bc4 Nf6 5. d3 Bg4 6. Nge2 c6 7. f3 {B01: Scandinavian Defence} Bd7 $146 ({Predecessor:} 7... Bf5 8. g4 Bc8 9. Ng3 e6 10. Qe2 Be7 11. Bd2 Qc7 12. g5 Nd5 13. Nh5 O-O 14. O-O-O b5 {0-1 (29) Satyapragyan,S (2411)-Filippov,A (2478) Hyderabad 2005}) 8. Ng3 g6 9. Qe2 {White is slightly better.} Bg7 10. O-O b5 11. Bb3 Na6 12. Bf4 O-O (12... Nc5 $14) 13. Qxe7 $16 Be6 14. Nce4 {[%cal Bc3e4,Be4f6,Bf6g4][%mdl 32]} ({And not} 14. Bxe6 Qb6+ 15. Kh1 Rae8 $15) 14... Nd5 15. Bxd5 $1 cxd5 16. Nf6+ Kh8 17. c3 b4 18. Be5 $1 bxc3 19. Bxc3 (19. bxc3 $14 Qc5+ 20. Qxc5 Nxc5 21. Rfd1) 19... Qb6+ $11 20. d4 Rfc8 {Strongly threatening ...Rc7.} (20... Nb8 $5 {[%cal Rb8c6]} 21. Qc5 Nc6 22. Qxb6 axb6 $15) 21. Ng4 $1 Rc7 22. Qg5 Bxd4+ 23. Kh1 Bxc3 24. bxc3 Bxg4 25. fxg4 Rd7 26. Rad1 Nc7 {[#]} (26... Qc6 $14) 27. Qe5+ (27. Ne4 $142 $1 {[%mdl 512]} f5 (27... dxe4 28. Rxd7) 28. gxf5) 27... Kg8 $16 {[#]} 28. Ne4 $1 {[%cal Re4f6][%mdl 512]} Ne8 (28... dxe4 29. Rxd7) 29. Rxd5 Rc7 (29... Qc7 $142) 30. h3 $40 {[%mdl 128] White wants a kill.} Rac8 31. Rfd1 Qb7 $2 {[%mdl 8192]} (31... Rc6 $16 {was called for.}) 32. g5 $2 (32. Rd8 $18 {and White stays clearly on top. Threatening mate with Qxe8+.} Re7 33. Nf6+ Kh8 34. Qf4) 32... Re7 33. Qd4 Qb2 (33... Qb6 $16 {was worth a try.}) 34. Rd7 $18 Rxd7 35. Qxd7 Ra8 36. Qd5 Rb8 37. c4 Qe2 38. Nf6+ $2 ({Better is} 38. c5 $18) 38... Nxf6 $11 39. gxf6 {[%mdl 4096] Endgame aiming for Qd8+! KQR-KQR} h5 40. c5 {Qd7 is the strong threat.} Rc8 {[#]} (40... Qc2 $11) 41. Rc1 ({White should try} 41. Qd7 $1 $16 {[%cal Rd7c8]} Qe6 42. Qe7 (42. Qxa7 Qxf6 43. Qa3 Re8 $16)) 41... Qb2 42. Qg5 {next c6 is good for White.} (42. Rf1 $5 {[%cal Rd5d7]} Qc3 43. Rb1 $11) 42... Rc6 43. Rf1 Qxa2 44. Kh2 {White wants to mate with Re1.} Qb2 45. Qd5 (45. Qe3 $5 {[%cal Re3e8]} Rxf6 46. Rxf6 Qxf6 47. Qe4 $15) 45... Qb8+ 46. Kh1 Qc8 47. Rc1 a6 48. Qe5 Kh7 49. Qe7 Qe6 50. Rf1 {Threatens to win with Qf8.} Qc4 51. Rf3 {Qf8 would kill now.} Qe6 52. Qf8 {[%csl Gf6][%cal Rf8g7]} Qe1+ 53. Kh2 {[%csl Gf6][%cal Rf8g7]} Qe5+ 54. Kh1 {[%csl Gf6][%cal Rf8g7]} Qe1+ 55. Kh2 {[%csl Gf6][%cal Rf8g7]} Qe5+ (55... Rxf6 $5 56. Rxf6 Qe5+ 57. Kg1 Qxf6 $17) 56. Kh1 {[%csl Gf6][%cal Rf8g7]} Qe1+ 57. Kh2 {Precision: White = 51%, Black = 39%.} 1/2-1/2

[Event "36th Zalakaros Festival 2017"]
[Site "Zalakaros"]
[Date "2017.05.21"]
[Round "4"]
[White "Kosakowski, Jakub"]
[Black "Chovan, Milan"]
[Result "1-0"]
[WhiteElo "2369"]
[BlackElo "2288"]
[Annotator "NA"]
[PlyCount "113"]
[EventDate "2017.??.??"]
[EventType "swiss"]
[EventCountry "HUN"]
[SourceTitle "playchess.com"]
[Source "ChessBase"]
[SourceQuality "1"]
[TimeControl "40/5400+30:1800+30"]

1. e4 {[%emt 0:00:04]} e5 {[%emt 0:00:37]} 2. Nf3 {[%emt 0:00:11]} Nc6 {[%emt 0:00:06]} 3. Bb5 {[%emt 0:00:12]} a6 {[%emt 0:00:07]} 4. Ba4 {[%emt 0:00:09]} Nf6 {[%emt 0:00:08]} 5. O-O {[%emt 0:00:12]} b5 {[%emt 0:00:07]} 6. Bb3 {[%emt 0:00:07]} Bb7 {[%emt 0:00:05]} 7. d3 {[%emt 0:02:48]} Be7 {[%emt 0:00:17]} 8. a4 {[%emt 0:00:43]} O-O {[%emt 0:00:13]} 9. Nc3 {[%emt 0:00:19]} Na5 {[%emt 0:00:25]} 10. Ba2 {[%emt 0:01:27]} b4 {[%emt 0:00:16]} 11. Ne2 {[%emt 0:04:22]} d5 {[%emt 0:00:10]} 12. Nxe5 {[%emt 0:04:03]} dxe4 {[%emt 0:00:11]} 13. d4 {[%emt 0:01:45]} Rc8 {[%emt 0:01:02]} 14. Be3 {[%emt 0:13:09]} Bd5 {[%emt 0:15:11]} 15. c4 {[%emt 0:09:14]} bxc3 {[%emt 0:02:23]} 16. bxc3 {[%emt 0:00:59]} c5 {[%emt 0:12:24]} 17. Ng3 {[%emt 0:10:12]} Bxa2 {[%emt 0:10:50]} 18. Rxa2 {[%emt 0:00:02]} Qd5 {[%emt 0:00:13]} 19. Rd2 {[%emt 0:00:26]} cxd4 {[%emt 0:00:53]} 20. Bxd4 {[%emt 0:00:33]} Qe6 {[%emt 0:16:43]} 21. Re2 {[%emt 0:19:40]} Rfd8 {[%emt 0:14:14]} 22. Nxe4 {[%emt 0:04:31]} Nxe4 {[%emt 0:02:30]} 23. Rxe4 {[%emt 0:00:06]} Bc5 {[%emt 0:05:38]} 24. Qe2 {[%emt 0:01:55]} Bxd4 {[%emt 0:00:20]} 25. cxd4 {[%emt 0:00:07]} f5 {[%emt 0:03:57]} 26. Rh4 {[%emt 0:07:32]} Nb3 {[%emt 0:03:42]} 27. Qe3 {[%emt 0:00:27]} Qd5 {[%emt 0:00:39]} 28. Nf3 {[%emt 0:12:21]} Re8 {[%emt 0:00:17]} 29. Qg5 {[%emt 0:00:12]} Re6 {[%emt 0:01:15]} 30. Rf4 {[%emt 0:02:26]} Nd2 {[%emt 0:02:40]} 31. Rd1 {[%emt 0:03:43]} Nxf3+ {[%emt 0:00:18]} 32. Rxf3 {[%emt 0:00:05]} Qxd4 {[%emt 0:00:21]} 33. Rc1 {[%emt 0:01:07]} Qc4 {[%emt 0:03:06]} 34. Rb1 {[%emt 0:01:14]} Rce8 {[%emt 0:04:03]} 35. h3 {[%emt 0:00:23]} Qxa4 {[%emt 0:00:49]} 36. Qxf5 {[%emt 0:00:28]} Qd7 {[%emt 0:00:53]} 37. Qa5 {[%emt 0:00:26]} Qd6 {[%emt 0:00:37]} 38. Rfb3 {[%emt 0:00:44]} Re5 {[%emt 0:00:51]} 39. Qc3 {[%emt 0:00:19]} Qe6 {[%emt 0:00:49]} 40. Rb6 {[%emt 0:00:00]} Re1+ {[%emt 0:00:22]} 41. Kh2 {[%emt 0:00:34]} Rxb1 {[%emt 0:06:50]} 42. Rxb1 {[%emt 0:07:36]} Qe5+ {[%emt 0:00:09]} 43. Qxe5 {[%emt 0:00:09]} Rxe5 {[%emt 0:00:01]} 44. Rb7 {[%emt 0:00:02]} Ra5 {[%emt 0:00:35]} 45. f4 {[%emt 0:01:18]} Ra3 {[%emt 0:00:02]} 46. g4 {[%emt 0:00:39]} h6 {[%emt 0:01:02]} 47. f5 {[%emt 0:00:40]} a5 {[%emt 0:02:01]} 48. h4 {[%emt 0:00:26]} a4 {[%emt 0:00:51]} 49. Ra7 {[%emt 0:00:27]} Ra1 {[%emt 0:05:05]} 50. Kg2 {[%emt 0:00:41]} a3 {[%emt 0:00:29]} 51. g5 {[%emt 0:00:26]} hxg5 {[%emt 0:00:01]} 52. hxg5 {[%emt 0:00:02]} a2 {[%emt 0:00:26]} 53. Ra8+ {[%emt 0:00:22]} Kf7 {[%emt 0:00:05]} 54. Ra7+ {[%emt 0:00:02]} Kf8 {[%emt 0:00:09]} 55. g6 {[%emt 0:00:10]} Ke8 {[%emt 0:00:46]} 56. f6 {[%emt 0:00:13]} gxf6 {[%emt 0:02:28]} 57. g7 {[%emt 0:00:10]} 1-0

[Event "36th Zalakaros Festival 2017"]
[Site "Zalakaros"]
[Date "2017.05.21"]
[Round "4"]
[White "Lazarne Vajda, Szidonia"]
[Black "Marosi, Levente"]
[Result "1/2-1/2"]
[WhiteElo "2357"]
[BlackElo "2286"]
[Annotator "TA"]
[PlyCount "146"]
[EventDate "2017.??.??"]
[EventType "swiss"]
[EventCountry "HUN"]
[SourceTitle "playchess.com"]
[Source "ChessBase"]
[SourceQuality "1"]

{[%evp 13,146,71,87,70,68,50,57,54,47,59,69,69,67,50,62,59,64,62,66,56,54,50,44,52,52,51,45,45,45,45,70,50,74,73,73,73,87,80,149,50,41,42,35,13,18,0,72,58,120,124,140,124,123,87,181,127,127,128,114,65,89,86,83,91,94,91,79,80,83,83,80,74,118,10,10,10,10,8,8,8,8,0,8,8,8,8,70,8,8,8,8,8,8,8,8,0,0,0,0,0,8,8,8,0,8,0,0,0,0,0,0,0,0,0,0,0,0,0,0,0,0,0,0,0,0,0,0,0,0,0,0,0,0,0,0]} 1. d4 Nf6 2. Nf3 e6 3. e3 c5 4. c4 b6 5. Nc3 Bb7 6. d5 exd5 7. cxd5 d6 8. Bc4 {E14: Queen's Indian: Classical Variation (4 e3)} (8. Bd3 Be7 9. e4 O-O 10. O-O Re8 11. Re1 Nbd7 12. h3 a6 13. a4 Bf8 14. Bf4 Nh5 15. Bg5 Be7 16. Bd2 g6 17. g4 Ng7 18. Bf4 h5 19. Bf1 hxg4 20. hxg4 Bc8 21. Bg2 Nf6 22. Nh2 {1-0 (59) Ftacnik,L (2552)-Druska,J (2457) Slovakia 2016}) 8... g6 9. O-O Bg7 10. e4 {White is slightly better.} O-O 11. h3 a6 12. a4 $1 Nbd7 13. Re1 Qe7 14. Bf4 Nh5 15. Bg5 $146 ({Predecessor:} 15. Bh2) 15... Bf6 16. Bh6 Bg7 17. Qd2 Bxh6 18. Qxh6 Ne5 19. Be2 Nxf3+ 20. Bxf3 Nf6 21. Rad1 Rfe8 22. Re3 (22. e5 $5 dxe5 23. d6 $16) 22... b5 23. axb5 axb5 24. Nxb5 {And now e5! would win.} Ba6 25. Nc3 {Threatens to win with e5!} Rab8 {[#]} ({Black should play} 25... Nd7) 26. Rd2 ({White has to play} 26. e5 $1 $16 {[%cal Re5f6][%mdl 512]} dxe5 27. d6) 26... Rb4 $14 27. Be2 Bxe2 28. Rdxe2 Qe5 29. Rd3 c4 (29... Nxe4 $11 30. Qc1 (30. f3 Qg3 $11) 30... Qf5) 30. Rdd2 Nh5 {[#]} (30... Nd7 $14) 31. g3 $1 $16 Reb8 32. Qe3 g5 33. Qd4 f6 (33... Qxd4 $16 34. Rxd4 Nf6) 34. Qxe5 (34. Nd1 $18) 34... fxe5 35. Nd1 Nf6 36. f3 Nd7 37. Ne3 Nc5 38. Rc2 Nb3 39. Rxc4 Nd4 40. Rf2 Rxb2 41. Nc2 Rb1+ 42. Kg2 Rc1 {[#]} 43. Rb4 (43. f4 $1 $16) 43... Rxb4 $11 44. Nxb4 {[%mdl 4096] Endgame KRN-KRN} Rc3 45. h4 (45. Nc6 $5) 45... gxh4 46. gxh4 Kg7 47. f4 {Black should prevent fxe5.} exf4 48. Rxf4 h5 49. Kf2 Rb3 (49... Ra3 $11) 50. Nc6 (50. Na6 $1 $14) 50... Nxc6 {The position is equal.} 51. dxc6 {KR-KR} Rc3 52. Rf5 Rxc6 53. Rxh5 Rc3 54. Rg5+ Kh6 55. Rd5 Rh3 56. Rxd6+ Kg7 57. Rd7+ (57. h5 {seems wilder.} Rxh5 58. Ke3 Kf7 59. Kd4 Ke8 60. Rd5) 57... Kg6 58. Rd6+ (58. h5+ $5 Rxh5 59. Ke3 $14) 58... Kg7 59. Rd5 {h5 is the strong threat.} (59. Ra6 {looks sharper.} Rxh4 60. Ke3 Kf7 61. Kd4 Rh5 62. Kc4) 59... Rxh4 60. Kf3 Kf6 61. Ke3 Ke6 62. Ra5 Rh1 63. Ra6+ Ke5 64. Ra5+ Ke6 65. Kd4 Rd1+ 66. Ke3 Re1+ 67. Kf3 Rf1+ 68. Ke2 Rh1 69. Kf2 Rb1 70. Kf3 Rf1+ 71. Ke2 Rh1 72. Kf2 Rb1 73. Kf3 Rf1+ {Precision: White = 49%, Black = 73%.} 1/2-1/2

[Event "36th Zalakaros Festival 2017"]
[Site "Zalakaros"]
[Date "2017.05.21"]
[Round "4"]
[White "Del Rey, Diego"]
[Black "Nguyen, Piotr"]
[Result "1/2-1/2"]
[WhiteElo "2352"]
[BlackElo "2453"]
[Annotator "TA"]
[PlyCount "101"]
[EventDate "2017.??.??"]
[EventType "swiss"]
[EventCountry "HUN"]
[SourceTitle "playchess.com"]
[Source "ChessBase"]
[SourceQuality "1"]

{[%evp 17,101,0,19,0,41,18,25,5,3,2,12,2,35,0,73,0,0,0,12,-6,0,0,18,0,0,0,0,0,0,-13,-12,-17,-17,-17,-28,-27,-17,-23,-18,-17,0,0,0,-28,0,-6,21,7,25,9,10,0,0,0,10,0,0,0,0,0,0,0,0,0,0,0,0,0,0,0,0,0,0,0,0,0,0,0,0,0,10,0,0,0,5,0]} 1. e4 g6 2. d4 Bg7 3. Nf3 d6 4. Nc3 a6 5. a4 Nf6 6. h3 O-O 7. Be3 b6 8. Bd3 Bb7 9. O-O e6 10. Qd2 {B08: Pirc Defence: Classical System} Nc6 11. Bh6 Nb4 $146 ({Predecessor:} 11... e5 12. d5 Ne7 13. Rfd1 Nd7 14. a5 Nc5 15. b4 Nxd3 16. cxd3 c6 17. dxc6 Bxc6 {1-0 (37) Perelshteyn,E (2509)-Gislason,G (2314) Reykjavik 2017}) 12. Bxg7 {White has an edge.} Kxg7 13. Rfe1 Qe7 14. Bf1 Rad8 15. d5 c5 {[#]} (15... a5 $1 $11 {remains equal.}) 16. dxc6 (16. Nd1 $1 $16) 16... Nxc6 $11 17. Nd4 Qc7 18. Rad1 Nxd4 19. Qxd4 Rfe8 20. Qc4 (20. Bc4 {is interesting.} Rd7 21. Rd2 Rc8 22. Ba2 Qc5 23. Red1) 20... Qxc4 21. Bxc4 Kf8 22. Rd4 Ke7 23. Red1 e5 24. R4d2 Nxe4 25. Nxe4 Bxe4 26. Bxa6 Bc6 27. b3 d5 28. f3 d4 29. Kf2 Rd7 30. c3 (30. Re1 $5 {[%cal Re1e5]}) 30... Red8 31. cxd4 exd4 32. Rc1 Rd6 33. Bd3 (33. Rdc2 $5 {[%cal Rc2c6]} Bd5 34. Rc7+ R6d7 35. Rxd7+ Rxd7 36. Bb5 $11) 33... Kf6 {The position is equal.} 34. f4 h5 35. h4 Re6 36. Rc4 Be4 37. Bf1 Red6 38. g3 Bf5 39. Bd3 Be6 40. Rb4 $1 Rc8 41. Bc4 Bf5 42. Rb5 Be4 43. Re5 Bb7 44. a5 bxa5 45. Rxa5 Rc7 46. Ra7 Rdd7 47. Rd1 Kf5 48. Bd3+ Kf6 49. Bc4 Kf5 50. Bd3+ Kf6 51. Bc4 {Precision: White = 43%, Black = 61%.} 1/2-1/2

[Event "36th Zalakaros Festival 2017"]
[Site "Zalakaros"]
[Date "2017.05.21"]
[Round "4"]
[White "Ivic, Velimir"]
[Black "Krstulovic, Alex"]
[Result "1-0"]
[WhiteElo "2345"]
[BlackElo "2280"]
[Annotator "NA"]
[PlyCount "43"]
[EventDate "2017.??.??"]
[EventType "swiss"]
[EventCountry "HUN"]
[SourceTitle "playchess.com"]
[Source "ChessBase"]
[SourceQuality "1"]
[TimeControl "40/5400+30:1800+30"]

1. e4 {[%emt 0:00:02]} e5 {[%emt 0:00:35]} 2. Nf3 {[%emt 0:00:09]} Nc6 {[%emt 0:00:06]} 3. d4 {[%emt 0:00:17]} exd4 {[%emt 0:00:23]} 4. Nxd4 {[%emt 0:00:05]} Bc5 {[%emt 0:00:41]} 5. Nb3 {[%emt 0:00:33]} Bb6 {[%emt 0:00:30]} 6. Nc3 {[%emt 0:00:14]} d6 {[%emt 0:07:52]} 7. Qe2 a5 {[%emt 0:27:42]} 8. a4 {[%emt 0:05:51]} Nb4 {[%emt 0:01:46]} 9. Bf4 {[%emt 0:08:57]} Ne7 {[%emt 0:05:42]} 10. O-O-O {[%emt 0:02:55]} O-O {[%emt 0:01:24]} 11. h4 {[%emt 0:19:07]} Bd7 {[%emt 0:09:07]} 12. h5 {[%emt 0:07:51]} Qe8 {[%emt 0:07:07]} 13. h6 {[%emt 0:03:26]} g6 {[%emt 0:00:48]} 14. e5 {[%emt 0:14:13]} dxe5 {[%emt 0:13:12]} 15. Qxe5 {[%emt 0:15:16]} Nf5 {[%emt 0:00:04]} 16. Ne4 {[%emt 0:05:04]} Qxe5 {[%emt 0:05:35]} 17. Bxe5 {[%emt 0:00:06]} Bxa4 {[%emt 0:00:12]} 18. Nf6+ {[%emt 0:07:52]} Kh8 {[%emt 0:00:00]} 19. g4 {[%emt 0:02:37]} Nc6 {[%emt 0:03:53]} 20. Bc3 {[%emt 0:00:54]} Nfe7 {[%emt 0:00:00]} 21. Nd7+ {[%emt 0:00:30]} Kg8 {[%emt 0:00:30]} 22. Bg7 {[%emt 0:00:30]} 1-0